LIBRARY & INFORMATION CENTRE, KCAET, TAVANUR

ONLINE PUBLIC ACCESS CATALOGUE (OPAC)

Fabrication and performance evaluation of a double - directional spiral cylinder for the paddy thresher (Record no. 15075)

MARC details
000 -LEADER
fixed length control field 00948nam a22001697a 4500
003 - CONTROL NUMBER IDENTIFIER
control field OSt
088 ## - REPORT NUMBER
Report number P 39
100 ## - MAIN ENTRY--AUTHOR NAME
Personal name AILAKUMARI A
-- INDU R. PILLAI
-- LIJA VARGHESE
-- SAJI K
245 ## - TITLE STATEMENT
Title Fabrication and performance evaluation of a double - directional spiral cylinder for the paddy thresher
260 ## - PUBLICATION, DISTRIBUTION, ETC. (IMPRINT)
Place of publication Tavanur 1994
Name of publisher Kelappaji College of agricultural Engineering and Technology
300 ## - PHYSICAL DESCRIPTION
Number of Pages 74
500 ## - GENERAL NOTE
General note Fabrication and performance evaluation of a double - directional spiral cylinder for the paddy thresher
520 ## - SUMMARY, ETC.
Summary, etc to fabricate a double directional spiral cylinder for the existing thresher<br/>to evaluate the performance of the newly fabricated threshing cylinder at different moisture contents and various peripherla speeds<br/>to compare the performance of double directional spiral cylinder with the existing rasp-bar cylinder.
700 ## - ADDED ENTRY--PERSONAL NAME
Personal name Er. Hamza Mollakadavath (Guide)
942 ## - ADDED ENTRY ELEMENTS (KOHA)
Koha item type Project Report
Holdings
Collection code Home library Current library Shelving location Full call number Accession Number Koha item type
Reference KAUAET KAUAET Reference 631.3 ANI/FA P 39 Project Report
free website counter